<?xml version="1.0" encoding="UTF-8"?>
<record
    xmlns:xsi="http://www.w3.org/2001/XMLSchema-instance"
    xsi:schemaLocation="http://www.loc.gov/MARC21/slim http://www.loc.gov/standards/marcxml/schema/MARC21slim.xsd"
    xmlns="http://www.loc.gov/MARC21/slim">

  <leader>00530nam a22001097a 4500</leader>
  <datafield tag="040" ind1=" " ind2=" ">
    <subfield code="c">DLC</subfield>
  </datafield>
  <datafield tag="082" ind1=" " ind2=" ">
    <subfield code="a">FAO GUI 2009 C025 Or.</subfield>
  </datafield>
  <datafield tag="245" ind1=" " ind2=" ">
    <subfield code="a">GUIDE FOR AVIAN INFLUENZA OUTBREAK INVESTIGATION AND EMERGENCY RESPONSE. &#x179F;&#x17C0;&#x179C;&#x1797;&#x17C5;&#x178E;&#x17C2;&#x1793;&#x17B6;&#x17C6;&#x179F;&#x17D2;&#x178F;&#x17B8;&#x1796;&#x17B8;&#x1780;&#x17B6;&#x179A;&#x17A2;&#x1784;&#x17D2;&#x1780;&#x17C1;&#x178F;&#x179F;&#x17D2;&#x179A;&#x17B6;&#x179C;&#x1787;&#x17D2;&#x179A;&#x17B6;&#x179C;&#x1780;&#x17B6;&#x179A;&#x1795;&#x17D2;&#x1791;&#x17BB;&#x17C7;&#x1787;&#x1798;&#x17D2;&#x1784;&#x17BA;&#x1795;&#x17D2;&#x178F;&#x17B6;&#x179F;&#x17B6;&#x1799;&#x1794;&#x1780;&#x17D2;&#x179F;&#x17B8; &#x1793;&#x17B7;&#x1784;&#x1780;&#x17B6;&#x179A;&#x1786;&#x17D2;&#x179B;&#x17BE;&#x1799;&#x178F;&#x1794;&#x1794;&#x1793;&#x17D2;&#x1791;&#x17B6;&#x1793;&#x17CB;</subfield>
  </datafield>
  <datafield tag="260" ind1=" " ind2=" ">
    <subfield code="a">CAMBODIA </subfield>
    <subfield code="b">Phnom Penh</subfield>
    <subfield code="c">2009</subfield>
  </datafield>
  <datafield tag="300" ind1=" " ind2=" ">
    <subfield code="a">46P</subfield>
  </datafield>
  <datafield tag="942" ind1=" " ind2=" ">
    <subfield code="c">AEDBB</subfield>
  </datafield>
  <datafield tag="999" ind1=" " ind2=" ">
    <subfield code="c">22411</subfield>
    <subfield code="d">22411</subfield>
  </datafield>
  <datafield tag="952" ind1=" " ind2=" ">
    <subfield code="0">0</subfield>
    <subfield code="1">0</subfield>
    <subfield code="4">0</subfield>
    <subfield code="6">FAO_GUI_2009_000000000000000_C025_OR</subfield>
    <subfield code="7">0</subfield>
    <subfield code="9">96769</subfield>
    <subfield code="a">LBC</subfield>
    <subfield code="b">LBC</subfield>
    <subfield code="c">C025</subfield>
    <subfield code="d">2023-12-20</subfield>
    <subfield code="o">FAO GUI 2009 C025 Or.</subfield>
    <subfield code="p">a074967</subfield>
    <subfield code="r">2023-12-20</subfield>
    <subfield code="y">AEDBB</subfield>
  </datafield>
  <datafield tag="952" ind1=" " ind2=" ">
    <subfield code="0">0</subfield>
    <subfield code="1">0</subfield>
    <subfield code="4">0</subfield>
    <subfield code="6">FAO_GUI_2009_000000000000000_C025_OR</subfield>
    <subfield code="7">0</subfield>
    <subfield code="9">96770</subfield>
    <subfield code="a">LBC</subfield>
    <subfield code="b">LBC</subfield>
    <subfield code="c">C025</subfield>
    <subfield code="d">2023-12-20</subfield>
    <subfield code="o">FAO GUI 2009 C025 Or.</subfield>
    <subfield code="p">a074931</subfield>
    <subfield code="r">2023-12-20</subfield>
    <subfield code="y">AEDBB</subfield>
  </datafield>
  <datafield tag="952" ind1=" " ind2=" ">
    <subfield code="0">0</subfield>
    <subfield code="1">0</subfield>
    <subfield code="4">0</subfield>
    <subfield code="6">FAO_GUI_2009_000000000000000_C025_OR</subfield>
    <subfield code="7">0</subfield>
    <subfield code="9">96771</subfield>
    <subfield code="a">LBC</subfield>
    <subfield code="b">LBC</subfield>
    <subfield code="c">C025</subfield>
    <subfield code="d">2023-12-20</subfield>
    <subfield code="o">FAO GUI 2009 C025 Or.</subfield>
    <subfield code="p">a074943</subfield>
    <subfield code="r">2023-12-20</subfield>
    <subfield code="y">AEDBB</subfield>
  </datafield>
</record>
